000 00344nam a2200109 4500
999 _c11121
_d11121
008 181012b ||||| |||| 00| 0 eng d
245 _aFrance debates differences between seduction and sexual harassment.
260 _aPhilippines
_bPhilippine Daily Inquirer
_cc2017
300 _apage B4.
650 0 _932148
_aSexual behavior.
942 _2ddc
_cPER